Знам и мога (Запис номер 41541)
[ съкратено ]
| 000 -Лидер | |
|---|---|
| Контролно поле с фиксирана дължина | 02031nam a2200445 c 4500 |
| 003 - Код на организацията, давaща контролен номер | |
| Контролно поле | BLK |
| 005 - Дата и час на последна редакция | |
| Контролно поле | 20240913133315.0 |
| 008 - Елементи от данни с фиксирана дължина | |
| fixed length control field | 180408b bul|||||r ||||||| ||bul|| |
| 010 ## - Наследен системен номер | |
| LC control number | KNG00045106000 |
| 020 ## - Международен стандартен номер на книга ISBN | |
| Международен стандартен номер на книга ISBN | 978-954-625-595-2 |
| -- | издат.: Фют |
| 040 ## - Източник на каталожния запис | |
| Идентификатор на билиотеката - собственик на записа | BLK |
| 041 ## - Код за език | |
| Код за езика на текст/звукозапис или на отделно заглавие | Български |
| Код за езика КДБФ | Български |
| 072 #7 - Код за тематичната категория | |
| Код организация | bullib |
| Код за тематична категория | Н86 |
| Текст | Детска отраслова литература Н |
| 080 ## - УДК | |
| Текстов определител УДК | Забавна физика, трикове, фокуси, илюзионизъм, хоби (общи въпроси). Се класифица със съотношение към съответния отдел. Вж и 792.734 |
| УДК код - определител по УДК | 793.8 |
| УДК определител | (02.053.2) |
| УДК - код + определител | 793.8(02.053.2) |
| 100 ## - Редна дума - Автор | |
| Автор | Еймъри, Хедър |
| R(LIN) | 264569 |
| 139 ## - Редно поле | |
| Редна дума | Знам и мога |
| Авторски знак | Зн - З 80 |
| 245 10 - Сведения за заглавието | |
| Заглавие | Знам и мога |
| Подзаглавни данни | Науч. опити ; Отпечатване и щамповане ; Фокуси ; Модели от хартия ; Кодиране и шифри |
| Редно поле (дума) | Хедър Еймъри; прев. Юлия Димитрова; ил. Колин Кинг. |
| 257 ## - Страна на издаване | |
| Страна на създаване/издаване | Великобритания |
| 260 ## - Област на издателските данни | |
| -- | София |
| Име на издателя, разпространителя и проч. | Фют |
| Година на издаване | 2010 |
| Печатница | София : ПК Д. Благоев |
| 300 ## - Физическа характеристика | |
| Страници | 96 с. |
| Илюстрации и др. | с ил. |
| Размери/Мащаб | 28 см |
| 380 ## - Жанр | |
| Жанр | Детска отраслова лит. |
| 500 ## - Общи забележки | |
| Забележка | Други авт. : Дж. Хиндли, И. Ейдър, Ан Сиварди, Ан. Къртис, Д. Ръмбелоу, Ф. Травис. - Ориг. загл. Book of Know How. |
| 650 #4 - Допълнително описание по предмет – тема | |
| Основно описание – тема или топоним | Фокуси |
| 9 (RLIN) | 175899 |
| 650 #4 - Допълнително описание по предмет – тема | |
| Основно описание – тема или топоним | Игри за развлечение |
| 9 (RLIN) | 245182 |
| 653 ## - Ключова дума – ненормативна | |
| Ключова дума | игри |
| 653 ## - Ключова дума – ненормативна | |
| Ключова дума | фокуси |
| 653 ## - Ключова дума – ненормативна | |
| Ключова дума | опити |
| 653 ## - Ключова дума – ненормативна | |
| Ключова дума | щамповане |
| 653 ## - Ключова дума – ненормативна | |
| Ключова дума | кодиране |
| 653 ## - Ключова дума – ненормативна | |
| Ключова дума | украси |
| 659 ## - Тематичен бюлетин | |
| Тематичен бюлетин | Н |
| 700 1# - Други автори (авторска отговорност) | |
| Лично име | Димитрова, Юлия |
| Автороска отговорност (Описва отношението между автора и произведението) | прев. |
| 9 (RLIN) | 277814 |
| 700 1# - Други автори (авторска отговорност) | |
| Лично име | Кинг, Колин |
| Автороска отговорност (Описва отношението между автора и произведението) | ил. |
| 9 (RLIN) | 269737 |
| 852 ## - Местоположение | |
| Форматна сигнатура | Цб ІІ 17025 |
| 856 4# - Електронен адрес и достъп | |
| Електронен формат | pdf - файл |
| Път до файла /url/ | |
| 856 4# - Електронен адрес и достъп | |
| Електронен формат | pdf - файл |
| Път до файла /url/ | |
| 942 ## - АРТИКУЛИ | |
| Вид на библиотечния материал | Книги |
| Скрит в OPAC | Не |
| Koha issues (borrowed), all copies | 6 |
| 944 ## - СЪЗДАВАНЕ И РЕДАКЦИЯ на ЗАПИСА | |
| Създаване/Редакция | Създаване |
| Дата на регистрацията/редакция | 30.12.2011 |
| Статус, дата на статуса | Нора Радева |
| Служител, извършил регистрацията/редакцията | 30545 |
| 944 ## - СЪЗДАВАНЕ И РЕДАКЦИЯ на ЗАПИСА | |
| Създаване/Редакция | Редакция |
| Дата на регистрацията/редакция | 19.06.2015 |
| Статус, дата на статуса | ф / |
| Служител, извършил регистрацията/редакцията | Людмила_Стоянова |
| 999 ## - СИСТЕМНИ КОНТРОЛНИ НОМЕРА | |
| Koha biblionumber | 41541 |
| Koha biblioitemnumber | 41541 |
| Код за отписване | Код за изгубен артикул | Код за повреда | Коз за рестрикции | Код за отдаване | Артикулен № | Име на библиотеката - собственик | Име на библиотеката, в която се намира в момента | Статус (Текущо местоположение) | Дата на вписване в системата | Местоположение - отдел | Цена в лева | Инвентарен номер | Систематично азбучна сигнатура | Баркод | Номер на екземпляра | Цена в евро | Служебна бележка | Служебен тип на артикула | Източник на класификационната схема |
|---|---|---|---|---|---|---|---|---|---|---|---|---|---|---|---|---|---|---|---|
| Не е изгубен | Не е повреден | без рестрикции | заемане за дома | 65141 | Регионална библиотека "Любен Каравелов" Русе | Регионална библиотека "Любен Каравелов" Русе | Детски отдел | 2011-12-16 | Детски отдел | 12.90 | 120000755725 | ДН 79/З 80 | 120000755725 | 1 | 6.60 | Дост: Pk Вид: Ф N: 251 Дата: 15.12.2011 Дата инв: 20.08.2015 Бележки инв: Д2015 | Книги | ||
| Не е изгубен | Не е повреден | без рестрикции | заемане за дома | 65142 | Регионална библиотека "Любен Каравелов" Русе | Регионална библиотека "Любен Каравелов" Русе | Детски отдел | 2011-12-19 | Детски отдел | 12.90 | 120000756164 | ДН 79/З 80 | 120000756164 | 2 | 6.60 | Дост: Pk Вид: Ф N: 291 Дата: 15.12.2011 Дата инв: 20.08.2015 Бележки инв: Д2015 | Книги | ||
| Не е изгубен | Не е повреден | без рестрикции | ползва се в читалня | 65143 | Регионална библиотека "Любен Каравелов" Русе | Регионална библиотека "Любен Каравелов" Русе | Хранилище | 2012-03-07 | Хранилище | 12.90 | 120000756429 | Цб ІІ 17025 | 120000756429 | 3 | 6.60 | Дост: Dp Вид: Д N: 17 Дата: 26.04.2011 | Книги | ||
| Изтеглен | Не е изгубен | Не е повреден | без рестрикции | заемане за дома | 65144 | Регионална библиотека "Любен Каравелов" Русе | Регионална библиотека "Любен Каравелов" Русе | Детски отдел | 2015-05-28 | Детски отдел | 12.90 | 120000788541 | ДН 79/З 80 | 120000788541 | 4 | 6.60 | Дост: Pk Вид: Ф N: 432 Дата: 22.05.2015 Дата инв: 21.08.2015 Бележки инв: Д2015 | Книги | Universal Decimal Classification |